000 00601nam a22001937a 4500
005 20140621050024.0
008 080723s2007 nyua 001 0 eng
020 _a9780071490672
080 _a316.46
100 1 _aBraksick, Leslie Wilk.
245 1 0 _aUnlock behavior, unleash profits :
_cLeslie Wilk Braksick.
250 _a2nd ed.
260 _aNew York :
_bMcGraw-Hill,
_c2007.
300 _a240 f. :
_bme il.;
_c24 cm.
500 _aIndex f. 235-240
650 0 _aUdhëheqja
650 0 _aFitimi
942 _2udc
_cBK
999 _c490
_d490